Representaciones arquitectónicas en lucernas romanas
| Main Authors: | , |
|---|---|
| Format: | Section = Libro |
| Language: | Undetermined Spanish |
| Published: |
León - España
Universidad de León
1994
|
| Subjects: |
| LEADER | 00645nam a2200229Ia 4500 | ||
|---|---|---|---|
| 008 | 240829s9999 xx 000 0 und d | ||
| 020 | |a 84-7719-414-9 | ||
| 040 | |a BIBLIOTECA-RUSB/ 738.8 A485 | ||
| 041 | |a spa | ||
| 082 | |a 738.8 A485 | ||
| 100 | 1 | |a Amaré Tafalla, Marcía Teresa | |
| 100 | 1 | |b Liz Guiral, Jesús | |
| 245 | 1 | 0 | |a Representaciones arquitectónicas en lucernas romanas |
| 260 | |a León - España |b Universidad de León |c 1994 | ||
| 300 | |a 132 p. :il. | ||
| 650 | 7 | |a LAMPARAS - ROMANAS | |
| 650 | 7 | |b ICONOGRAFIA | |
| 650 | 7 | |c ARQUITECTURA ROMANA | |
| 650 | 7 | |d CANDELEROS | |
| 942 | |c BK |2 ddc | ||
| 991 | |a TEXTO | ||
| 999 | |c 5412 | ||